| 000 | 00410nam a2200169Ia 4500 | ||
|---|---|---|---|
| 008 | 230524s9999 xx 000 0 und d | ||
| 020 | _a8187328703 | ||
| 082 |
_a5.12 _bRAO |
||
| 100 | _aM.V.L.N.Raja Rao | ||
| 245 | 0 | _aFundamentals of Computer Organisation | |
| 250 | _a1ST | ||
| 260 |
_aCHENNAI _bScitech _c2004 |
||
| 300 | _aXII;304 | ||
| 500 | _aQuantity Number: 3 | ||
| 650 | _aComp-Sc | ||
| 942 | _cBK | ||
| 999 |
_c13023 _d13023 |
||